Jaded Tazkara oliya pak o hind / (Record no. 525581)

000 -LEADER
fixed length control field 00515nam a22001817a 4500
003 - CONTROL NUMBER IDENTIFIER
control field NUST
005 - DATE AND TIME OF LATEST TRANSACTION
control field 20190703062051.0
038 ## - RECORD CONTENT LICENSOR
Staff Name Faiza
082 ## - DEWEY DECIMAL CLASSIFICATION NUMBER
Classification number 297.692
Author Mark ZAH
100 ## - MAIN ENTRY--PERSONAL NAME
Personal name Zahoor ul Hassan Sharb
9 (RLIN) 16492
245 ## - TITLE STATEMENT
Title Jaded Tazkara oliya pak o hind /
Statement of responsibility, etc. Zahoor ul Hassan Sharb
260 ## - PUBLICATION, DISTRIBUTION, ETC.
Place of publication, distribution, etc. Lahore:
Name of publisher, distributor, etc. Al Faisal ,
Date of publication, distribution, etc. S.L
300 ## - PHYSICAL DESCRIPTION
Extent 344p. ;
500 ## - GENERAL NOTE
General note Hard Cover
880 ## - ALTERNATE GRAPHIC REPRESENTATION
Linkage 100-01\r
Title ظہور الحسن شارب
880 ## - ALTERNATE GRAPHIC REPRESENTATION
Linkage 245-02\r
Title /تذکرہ اولیاےْپاک و ہند
942 ## - ADDED ENTRY ELEMENTS (KOHA)
Source of classification or shelving scheme
Koha item type Book
Holdings
Withdrawn status Lost status Source of classification or shelving scheme Damaged status Not for loan Permanent Location Current Location Shelving location Date acquired Total Checkouts Full call number Barcode Date last seen Price effective from Koha item type
          Central Library (CL) Central Library (CL) First Floor - Islam 07/03/2019   297.692 ZAH CL-E-492 07/03/2019 07/03/2019 Book
© 2023 Central Library, National University of Sciences and Technology. All Rights Reserved.